[Event "Challenge"]
[Site "http://www.queenalice.com/game.php?id=1421228"]
[Date "2016.5.4"]
[Round "-"]
[White "Hourglass"]
[Black "Agourmay"]
[Result "1-0"]
[WhiteElo "1913"]
[BlackElo "1844"]

1. e4 e5 2. Nf3 d6 3. Bc4 h6 4. O-O Nf6 5. d3 Nc6 6. a3 Be7 7. Nbd2 Bg4 8. Qe1
O-O 9. b4 a6 10. Bb2 d5 11. exd5 Nxd5 12. Nxe5 Bh5 13. Nxc6 bxc6 14. Rb1 Re8 15.
Qe5 Nf6 16. Qg3 Bd6 17. f4 Be2 18. Rfe1 a5 19. b5 cxb5 20. Bd5 Rb8 21. Ne4 Be7
22. Bc6 Kf8 23. Bxe8 Kxe8 24. Rxe2 Bxa3 25. Nxf6+ Kf8 26. Nh7+ 1-0

[Event "Challenge"]
[Site "http://www.queenalice.com/game.php?id=1421229"]
[Date "2016.5.4"]
[Round "-"]
[White "Agourmay"]
[Black "Hourglass"]
[Result "1-0"]
[WhiteElo "1824"]
[BlackElo "1933"]

1. c4 e5 2. Nc3 Nf6 3. g3 d5 4. cxd5 Nxd5 5. Bg2 c6 6. Nf3 Bd6 7. e4 Nb4 8. O-O
O-O 9. d4 exd4 10. Nxd4 Nd7 11. Nf5 Nf6 12. Nxd6 Re8 13. Nxe8 Qxe8 14. Re1 Be6
15. Re2 Rd8 16. Qa4 Na6 17. Bg5 Ra8 18. Bxf6 gxf6 19. e5 Nc5 20. Qf4 Nd3 21.
Qxf6 Rd8 22. Qg5+ Kh8 23. Ne4 Qg8 24. Qf6+ 1-0

[Event "Challenge"]
[Site "http://www.queenalice.com/game.php?id=1424342"]
[Date "2016.5.23"]
[Round "-"]
[White "Agourmay"]
[Black "Hourglass"]
[Result "1-0"]
[WhiteElo "1831"]
[BlackElo "1926"]

1. d4 d5 2. c4 dxc4 3. e3 b5 4. a4 c6 5. axb5 Bb7 6. Bxc4 cxb5 7. Bxb5+ Nd7 8.
Nf3 Nf6 9. O-O e6 10. Re1 Bb4 11. Bd2 Bxd2 12. Qxd2 O-O 13. Nc3 a6 14. Bd3 Re8
15. Ne5 Nxe5 16. dxe5 Ne4 17. Qc2 Ng5 18. h4 Rc8 19. hxg5 Qxg5 20. e4 Qxe5 21.
Bxa6 Re7 22. Qb3 Rb8 23. Nb5 Bxe4 24. Qe3 f5 25. f3 Rxb5 26. Bxb5 Qxb5 27. fxe4
fxe4 28. Ra8+ 1-0

[Event "Challenge"]
[Site "http://www.queenalice.com/game.php?id=1424343"]
[Date "2016.5.23"]
[Round "-"]
[White "Hourglass"]
[Black "Agourmay"]
[Result "1-0"]
[WhiteElo "1885"]
[BlackElo "1851"]

1. e4 c5 2. Nf3 d6 3. Bb5+ Bd7 4. a4 Bxb5 5. axb5 Nf6 6. d3 g6 7. O-O Bg7 8. c4
a6 9. Qa4 O-O 10. Qb3 b6 11. Nc3 Nfd7 12. Bd2 f5 13. Rfe1 Ne5 14. Nxe5 Bxe5 15.
Nd5 e6 16. Nf4 Rf6 17. g3 Qc8 18. exf5 exf5 19. Nd5 Rf7 20. Nxb6 Qb7 21. Nxa8
Qxa8 22. bxa6 Nxa6 23. Bc3 Bxc3 24. bxc3 Ra7 25. Qb6 Kg7 26. Qxd6 Kh6 27. Re6
Kg5 28. Rxa6 Kg4 29. Qf4+ Kh3 30. Qh4# 1-0

[Event "Challenge"]
[Site "http://www.queenalice.com/game.php?id=1427601"]
[Date "2016.6.14"]
[Round "-"]
[White "Agourmay"]
[Black "Hourglass"]
[Result "0-1"]
[WhiteElo "1853"]
[BlackElo "1928"]

1. c4 e5 2. Nc3 Nf6 3. g3 c6 4. Nf3 e4 5. Ng5 d5 6. cxd5 cxd5 7. Bg2 Be7 8. O-O
O-O 9. e3 h6 10. Nh3 Nc6 11. a3 a5 12. d3 exd3 13. Nf4 Be6 14. Nxe6 fxe6 15.
Qxd3 Qc7 16. e4 Rad8 17. exd5 Ne5 18. Qd1 Qb6 19. h3 exd5 20. Nxd5 Nxd5 21.
Bxd5+ Kh8 22. Re1 Qxf2+ 23. Kh1 Rxd5 24. Be3 Rxd1 25. Bxf2 Rxa1 0-1

[Event "Challenge"]
[Site "http://www.queenalice.com/game.php?id=1427634"]
[Date "2016.6.14"]
[Round "-"]
[White "Hourglass"]
[Black "Agourmay"]
[Result "0-1"]
[WhiteElo "1916"]
[BlackElo "1840"]

1. e4 c5 2. Nf3 Nc6 3. d4 cxd4 4. Nxd4 Nf6 5. Nc3 a6 6. Be2 e5 7. Nf3 Bb4 8. Bd2
d6 9. Bd3 O-O 10. O-O Re8 11. a3 Bc5 12. b4 Bd4 13. Nxd4 Nxd4 14. f4 Qb6 15. Kh1
Bg4 16. Qe1 Qc6 17. fxe5 dxe5 18. Qg3 Rad8 19. h3 Be2 20. Nxe2 Nxe2 21. Qe3 Nf4
22. Rac1 Nxd3 23. cxd3 Qa4 24. Qg3 Nh5 25. Qg4 g6 26. Rf5 Ng7 27. Rf3 Qxa3 28.
Qg3 Qb2 29. Qf2 f5 30. exf5 Nxf5 31. Rd1 e4 32. dxe4 Rxe4 33. Kh2 Qe5+ 34. Bf4
Qe7 35. Rg3 Rxd1 0-1

[Event "Challenge"]
[Site "http://www.queenalice.com/game.php?id=1431871"]
[Date "2016.7.15"]
[Round "-"]
[White "Agourmay"]
[Black "Excsiu"]
[Result "0-1"]
[WhiteElo "1869"]
[BlackElo "1806"]

1. d4 d5 2. c4 dxc4 3. e3 Nf6 4. Bxc4 c6 5. Nf3 b5 6. Bb3 a5 7. a4 e6 8. O-O Na6
9. Re1 Bb4 10. Bd2 O-O 11. e4 Nd7 12. axb5 cxb5 13. Bxb4 Nxb4 14. Nc3 a4 15. Bc2
Ba6 16. Bb1 Nc6 17. e5 Nb6 18. Be4 Nd5 19. Qd2 Na5 20. Bc2 b4 21. Nxd5 Qxd5 22.
Rxa4 Nc6 23. Re4 Qb5 24. Ra1 Bb7 25. Rd1 Ne7 26. Rg4 f5 27. exf6 Rxf6 28. Ne5
Raf8 29. Bd3 Qd5 30. Rc1 Rxf2 31. Qg5 g6 32. Rf1 h6 33. Be4 Rxf1# 0-1

[Event "Challenge"]
[Site "http://www.queenalice.com/game.php?id=1432797"]
[Date "2016.7.23"]
[Round "-"]
[White "Agourmay"]
[Black "Hourglass"]
[Result "1-0"]
[WhiteElo "1859"]
[BlackElo "1974"]

1. e4 c5 2. d4 cxd4 3. c3 dxc3 4. Nxc3 Nc6 5. Bc4 e6 6. Nf3 Bc5 7. O-O d6 8. Bg5
Qd7 9. Qc2 Nge7 10. Rad1 O-O 11. Be3 Bxe3 12. fxe3 a6 13. e5 Nf5 14. Rfe1 Qc7
15. exd6 Nxd6 16. Ng5 g6 17. Be2 Nb4 18. Qb3 Nc6 19. Nge4 Nxe4 20. Nxe4 Rd8 21.
Nf6+ Kh8 22. Qc3 e5 23. Rxd8+ Qxd8 24. Rf1 Bf5 25. Ng4 Qe7 26. Nh6 Be6 27. b3
Rf8 28. h3 Qg5 29. Ng4 h5 30. Nf6 Bxh3 31. Rf2 Bf5 32. Nd5 Re8 33. Bxa6 bxa6 34.
Qxc6 Re6 35. Qc7 Kg7 36. e4 Qg4 37. exf5 Qd1+ 38. Rf1 Qd4+ 39. Rf2 Qd1+ 40. Kh2
Qxd5 41. fxe6 Qxe6 42. Rc2 Qg4 43. Qxe5+ f6 44. Rc7+ Kh6 45. Qxf6 1-0

[Event "Challenge"]
[Site "http://www.queenalice.com/game.php?id=1442299"]
[Date "2016.9.21"]
[Round "-"]
[White "Agourmay"]
[Black "Hourglass"]
[Result "1-0"]
[WhiteElo "1880"]
[BlackElo "1953"]

1. c4 e5 2. Nc3 Nf6 3. e4 Bc5 4. Nf3 Nc6 5. Be2 O-O 6. b3 a6 7. Na4 Ba7 8. O-O
d6 9. Qc2 Nd4 10. Nxd4 Bxd4 11. Nc3 b5 12. b4 Bb7 13. d3 bxc4 14. dxc4 Nxe4 15.
Bb2 Nxc3 16. Bxc3 Qg5 17. g3 Ba7 18. h4 Qe7 19. Bd3 g6 20. Kh2 e4 21. Qe2 f5 22.
c5 d5 23. f4 Rfe8 24. Rfe1 c6 25. h5 g5 26. h6 gxf4 27. Qh5 fxg3+ 28. Kxg3 Bb8+
29. Kf2 Bc8 30. Rg1+ Kf8 31. Bg7+ 1-0

[Event "Challenge"]
[Site "http://www.queenalice.com/game.php?id=1442300"]
[Date "2016.9.21"]
[Round "-"]
[White "Hourglass"]
[Black "Agourmay"]
[Result "1-0"]
[WhiteElo "1890"]
[BlackElo "1899"]

1. e4 c6 2. d4 d5 3. Nc3 g6 4. Nf3 Bg7 5. Be3 Nf6 6. Bd3 O-O 7. Qd2 b5 8. exd5
Nxd5 9. Nxd5 Qxd5 10. O-O Nd7 11. c3 e5 12. Qc2 Re8 13. Be4 Qd6 14. dxe5 Nxe5
15. Rad1 Nxf3+ 16. Bxf3 Qc7 17. Rd2 Bf5 18. Qc1 Be5 19. g3 h5 20. Bg5 f6 21. Bf4
Bxf4 22. gxf4 Qxf4 23. Bxc6 Qg4+ 24. Kh1 Be4+ 25. Bxe4 Qxe4+ 26. f3 Qe3 27. Rd6
Qxc1 28. Rxc1 Kg7 29. Rc2 Re1+ 30. Kg2 Rae8 31. Kf2 g5 32. Rdd2 g4 33. fxg4 hxg4
34. Re2 R8xe2+ 35. Rxe2 Rxe2+ 36. Kxe2 Kg6 37. a4 g3 38. hxg3 bxa4 39. c4 Kf7
40. Kd3 Ke6 41. Kc3 Kd6 42. Kb4 Kc6 43. Kxa4 Kc5 44. b3 f5 45. Ka5 1-0

[Event "Challenge"]
[Site "http://www.queenalice.com/game.php?id=1455453"]
[Date "2016.12.18"]
[Round "-"]
[White "Excsiu"]
[Black "Agourmay"]
[Result "1-0"]
[WhiteElo "1833"]
[BlackElo "1846"]

1. e4 c5 2. Nf3 d6 3. d4 cxd4 4. Nxd4 Nf6 5. Bd3 b6 6. Qf3 Bb7 7. Bg5 Nbd7 8.
Bf4 e5 9. Ne2 exf4 10. Nxf4 Nc5 11. Bb5+ Ncd7 12. Nc3 a6 13. Bd3 Ne5 14. Qe2 Be7
15. O-O O-O 16. Rad1 b5 17. Ncd5 Nxd5 18. exd5 Bg5 19. Qe4 Bxf4 20. Qxh7# 1-0

[Event "Challenge"]
[Site "http://www.queenalice.com/game.php?id=1468931"]
[Date "2017.3.15"]
[Round "-"]
[White "Agourmay"]
[Black "Excsiu"]
[Result "0-1"]
[WhiteElo "1847"]
[BlackElo "1868"]

1. d4 d5 2. c4 dxc4 3. e3 Be6 4. Na3 Qd7 5. Nxc4 b5 6. Ne5 Qd5 7. Ngf3 f6 8. Nd3
Nc6 9. Nf4 Qd6 10. Bxb5 Qb4+ 0-1

[Event "Challenge"]
[Site "http://www.queenalice.com/game.php?id=1472048"]
[Date "2017.4.5"]
[Round "-"]
[White "Agourmay"]
[Black "Sigmund"]
[Result "0-1"]
[WhiteElo "1832"]
[BlackElo "1911"]

1. d4 e6 2. e4 d5 3. Nc3 Bb4 4. Bd2 Nc6 5. Nf3 Nge7 6. Bd3 O-O 7. e5 Ng6 8. O-O
Nce7 9. a3 Ba5 10. Ne2 Bb6 11. c4 c5 12. dxc5 Bxc5 13. b4 Bb6 14. c5 Bc7 15. Bc3
f5 16. exf6 gxf6 17. h4 Be5 0-1